000 01524ngm a22003377ib4500
001 IT\ICCU\FER\0174976
003 ItRI
005 20260124182916.0
008 991029s1993 it |||||||||||||||k|||||c
040 _bita
041 7 _aita
_2ISO-639-2
082 _a791.43
_9CINEMA
_219
130 0 _aPsyco <film ; 1960>
_3IT\ICCU\CAG\0798036
245 0 3 _a2: Psycho /
_cregia di Alfred Hitchcock ; sceneggiatura di Joseph Stefano ; da un romanzo di Robert Bloch.
260 _aNovara :
_bIstituto geografico De Agostini,
_cc1993
300 _a1 videocassetta (VHS) (104 min.) :
_bb/n, son. +
_e1 fasc. (20 p.)
500 _aTit. del contenitore
500 _aFilm del 1960, USA; interpreti: Anthony Perkins, Janet Liegh, Vera Miles, Martin Balsam, John Gavin, John McIntire.
500 _apubblicato anche come numero 1
_9IT\ICCU\CFI\0329977
700 1 _aLeigh, Janet,
_d (1927-2004)
_0IT\ICCU\BVEV\050715
700 1 _aHitchcock, Alfred
_0IT\ICCU\CFIV\007729
700 1 _aBloch, Robert
_0IT\ICCU\CFIV\101705
700 1 _aPerkins, Anthony
_0IT\ICCU\RAVV\088455
700 1 _aStefano, Joseph
_0IT\ICCU\RAVV\089547
700 1 _aMiles, Vera
_0IT\ICCU\RAVV\089548
773 1 _wIT\ICCU\CFI\0329977
_tI grandi capolavori del brivido
_g2
_aHitchcock, Alfred
_0IT\ICCU\CFIV\007729
790 1 _aHitchcock, Alfred Joseph
_3IT\ICCU\SBNV\034806
_zHitchcock, Alfred
790 1 _aBloch, Robert Albert
_3IT\ICCU\RAVV\694302
_zBloch, Robert
790 1 _aPerkins, Tony
_3IT\ICCU\SBNV\113226
_zPerkins, Anthony
942 _2ddc
_cVM
_n0
999 _c23662
_d23662